00514nmm a2200181Ia 4500008004100000020001800041041000800059100003300067245001400100264005300114300001700167490002700184650002100211700002500232856005100257942000700308999001700315251105s9999||||xx |||||||||||||||||und|| a9788433979650 aspa aAlbiñana Serraín, Javier 0aLampedusa a[Madrid, España] :bEditorial Anagrama, c2016 a72 páginas aPanorama de narrativas aFrench narrative a de Kerangal, Maylis uhttps://public.digitaliapublishing.com/a/42412 cCF c61578d61578